| 000 | 00825nam a22002057a 4500 | ||
|---|---|---|---|
| 999 |
_c11424 _d11424 |
||
| 003 | AR-CdUCM | ||
| 008 | 190404b ||||| |||| 00| 0 spa d | ||
| 040 |
_aMUNICIPALIDAD PROVINCIAL DEL CUSCO _cBIBLIOTECA MUNICIPAL DEL CUSCO |
||
| 082 |
_a621.795 / _bL96 / 1948 |
||
| 100 |
_aLuft, Pablo Federico. _928777 |
||
| 245 | _aLa pintura y su aplicación / | ||
| 260 |
_aBuenos Aires : _bEdit. Libr. del colegio, _c1948. |
||
| 300 |
_a446 paginas ; _bIlustraciones, _c22 cm. |
||
| 505 | _aContenido : Características de la pintura -- Preparación de la pintura -- Trabajos de aplicación -- Preparación para su uso de las pinturas envasadas -- Materias primas ... | ||
| 650 |
_aPintura mural _97581 |
||
| 650 |
_aCombinación de colores _928778 |
||
| 650 |
_aColores primarios _928779 |
||
| 942 |
_2ddc _cLIBROS |
||
| 945 | _awnts | ||